000 01053nam a2200289 i 4500
001 bg
245 0 0 _aZłożone systemy izolacji cieplnej ścian zewnętrznych budynków ETICS :
_bzasady projektowania i wykonania : [instrukcja] /
_c[aut.: Andrzej Bobociński et al.].
260 _aWarszawa :
_bInstytut Techniki Budowlanej,
_c2009.
300 _a[92], 1 s. :
_bil.,
_c24 cm.
490 1 _aInstrukcje. Wytyczne. Poradniki / Instytut Techniki Budowlanej ;
_v447/2009
500 _aNiniejsza instrukcja zastępuje Instrukcję 334/2002.
504 _aWykaz norm.
650 9 _aIzolacje cieplne
_xbudownictwo
650 9 _aIzolacje cieplne
_xprojektowanie
650 9 _aBudownictwo
655 _aInstrukcje
700 1 _aBobociński, Andrzej.
830 0 _aInstrukcje, Wytyczne, Poradniki - Instytut Techniki Budowlanej ;
_vnr 447/2009
020 _a9788324922277
040 _cBPK
041 0 _apol
044 _aPOL
080 _a699.86(083.1)
920 _a978-83-249-2227-7
942 _cKS
008 091209s2009 pl a |000 f pol
999 _c49833
_d49833
856 _uhttp://koha.tu.koszalin.pl/cgi-bin/koha/opac-detail.pl?biblionumber=49833
_yKatalog online BPK